Aloysia (Record no. 215420)
[ view plain ]
| 000 -LEADER | |
|---|---|
| fixed length control field | 00929nam a2200253Ia 4500 |
| 003 - CONTROL NUMBER IDENTIFIER | |
| control field | OSt |
| 005 - DATE AND TIME OF LATEST TRANSACTION | |
| control field | 20260701160413.0 |
| 008 - FIXED-LENGTH DATA ELEMENTS--GENERAL INFORMATION | |
| fixed length control field | 210719s2012 xx 000 0 und d |
| 040 ## - CATALOGING SOURCE | |
| Transcribing agency | AL |
| 041 ## - LANGUAGE CODE | |
| Language code of text/sound track or separate title | eng |
| 082 ## - DEWEY DECIMAL CLASSIFICATION NUMBER | |
| Classification number | 305.4 STAA |
| 100 ## - MAIN ENTRY--PERSONAL NAME | |
| Personal name | ST ALOYSIUS COLLEGE |
| 9 (RLIN) | 266104 |
| 245 ## - TITLE STATEMENT | |
| Title | Aloysia |
| Remainder of title | : Joy and celberation of 25 years of womens presence |
| 260 ## - PUBLICATION, DISTRIBUTION, ETC. | |
| Place of publication, distribution, etc. | Mangalore |
| Name of publisher, distributor, etc. | St Aloysisus College |
| Date of publication, distribution, etc. | 2012 |
| 300 ## - PHYSICAL DESCRIPTION | |
| Extent | 110 |
| Other physical details | PB |
| 365 ## - TRADE PRICE | |
| Currency code | Rs |
| 520 ## - SUMMARY, ETC. | |
| Summary, etc. | A commemorative souvenir consisting of invited articles, reports and impressions to celebrate the joy and togetherness of twenty five years (1986-87 to 2011-12) of the presence of women at St Aloysius College. |
| 650 ## - SUBJECT ADDED ENTRY--TOPICAL TERM | |
| Topical term or geographic name entry element | Sociology |
| 9 (RLIN) | 266105 |
| 650 ## - SUBJECT ADDED ENTRY--TOPICAL TERM | |
| Topical term or geographic name entry element | Women Studies |
| 9 (RLIN) | 266106 |
| 700 ## - ADDED ENTRY--PERSONAL NAME | |
| Personal name | Norbert Lobo |
| 9 (RLIN) | 266107 |
| 710 ## - ADDED ENTRY--CORPORATE NAME | |
| Corporate name or jurisdiction name as entry element | Rose Veera Dsouza |
| 9 (RLIN) | 266108 |
| 906 ## - LOCAL DATA ELEMENT F, LDF (RLIN) | |
| a | 25 ; Aloysia ; and ; celberation ; Joy ; of ; presence ; womens ; years |
| 942 ## - ADDED ENTRY ELEMENTS (KOHA) | |
| Source of classification or shelving scheme | Dewey Decimal Classification |
| Koha item type | Book |
| Withdrawn status | Lost status | Source of classification or shelving scheme | Damaged status | Not for loan | Collection code | Home library | Current library | Date acquired | Source of acquisition | Total Checkouts | Full call number | Barcode | Date last seen | Price effective from | Koha item type |
|---|---|---|---|---|---|---|---|---|---|---|---|---|---|---|---|
| Dewey Decimal Classification | Sociology | St Aloysius Library | St Aloysius Library | 02/21/2013 | General Annual | 305.4 STAA | D04053 | 07/19/2021 | 07/19/2021 | Donated Books |